000
00232nam a22001217a 4500
040
_c
SK
082
_a
363
100
_a
FAO
245
_a
Assuring food safety and quality
260
_a
FAO
_b
FAO
_c
1997
300
_a
71p.
942
_c
EK
999
_c
8864
_d
8864